<?xml version="1.0" encoding="UTF-8"?><?xml-stylesheet type="text/xsl" href="static/style.xsl"?><OAI-PMH xmlns="http://www.openarchives.org/OAI/2.0/" xmlns:xsi="http://www.w3.org/2001/XMLSchema-instance" xsi:schemaLocation="http://www.openarchives.org/OAI/2.0/ http://www.openarchives.org/OAI/2.0/OAI-PMH.xsd"><responseDate>2026-04-17T03:11:20Z</responseDate><request verb="GetRecord" identifier="oai:www.recercat.cat:2072/447357" metadataPrefix="marc">https://recercat.cat/oai/request</request><GetRecord><record><header><identifier>oai:recercat.cat:2072/447357</identifier><datestamp>2026-03-13T07:28:34Z</datestamp><setSpec>com_2072_98</setSpec><setSpec>col_2072_378192</setSpec></header><metadata><record xmlns="http://www.loc.gov/MARC21/slim" xmlns:dcterms="http://purl.org/dc/terms/" xmlns:xsi="http://www.w3.org/2001/XMLSchema-instance" xmlns:doc="http://www.lyncode.com/xoai" xsi:schemaLocation="http://www.loc.gov/MARC21/slim http://www.loc.gov/standards/marcxml/schema/MARC21slim.xsd">
   <leader>00925njm 22002777a 4500</leader>
   <datafield ind2=" " ind1=" " tag="042">
      <subfield code="a">dc</subfield>
   </datafield>
   <datafield ind2=" " ind1=" " tag="720">
      <subfield code="a">Gracia, Pablo</subfield>
      <subfield code="e">author</subfield>
   </datafield>
   <datafield ind2=" " ind1=" " tag="720">
      <subfield code="a">Garcia Roman, Joan</subfield>
      <subfield code="e">author</subfield>
   </datafield>
   <datafield ind2=" " ind1=" " tag="720">
      <subfield code="a">Oinas, Tomi</subfield>
      <subfield code="e">author</subfield>
   </datafield>
   <datafield ind2=" " ind1=" " tag="720">
      <subfield code="a">Anttila, Timo</subfield>
      <subfield code="e">author</subfield>
   </datafield>
   <datafield ind2=" " ind1=" " tag="720">
      <subfield code="a">Centre d'Estudis Demogràfics</subfield>
      <subfield code="e">author</subfield>
   </datafield>
   <datafield ind2=" " ind1=" " tag="260">
      <subfield code="c">2020</subfield>
   </datafield>
   <datafield ind2=" " ind1=" " tag="520">
      <subfield code="a">Objective.- This study examined the differences in child and adolescent time use across the following three countries with distinct policy and cultural regimes: Finland, Spain, and the United Kingdom. Background.- Studying children's time use cross-nationally is urgent to better understand how societal contexts influence children's daily lives in ways that affect their future lifestyles, development, and identity formation. Yet previous studies have largely omitted this important question. Method.- The study used 2009 to 015 time-diary data on children aged 10 to 17 from Finland, Spain, and the United Kingdom (N = 3,491). Multivariate linear regression models examined (a) between-country and (b) within-country variations. Results.- Finnish children spent 153 daily minutes less with parents, 128 more with "others" and 54 daily minutes more alone when compared with Spanish children. The United Kingdom fell between Finland and Spain in children's time allocated with parents and time with "others." In family-oriented Spain, children spent more time eating; in individualistic Finland and United Kingdom, child screen-based time was highest. Parental education generally led to more time in educational activities, but with minor country variations. Maternal employment was generally not associated with child time use, except in Spain, where it led to less parent-child time. Conclusion.- The strong cross-national differences in child and adolescent time use seem only partly driven by sociostructural factors. Cross-cultural variations in family values and parenting ideologies seem to critically influence children's daily activities.</subfield>
   </datafield>
   <datafield tag="653" ind2=" " ind1=" ">
      <subfield code="a">Adolescence</subfield>
   </datafield>
   <datafield tag="653" ind2=" " ind1=" ">
      <subfield code="a">Childhood</subfield>
   </datafield>
   <datafield tag="653" ind2=" " ind1=" ">
      <subfield code="a">Children</subfield>
   </datafield>
   <datafield tag="653" ind2=" " ind1=" ">
      <subfield code="a">Cross-national</subfield>
   </datafield>
   <datafield tag="653" ind2=" " ind1=" ">
      <subfield code="a">Family relations</subfield>
   </datafield>
   <datafield tag="653" ind2=" " ind1=" ">
      <subfield code="a">Time use</subfield>
   </datafield>
   <datafield ind2="0" ind1="0" tag="245">
      <subfield code="a">Child and adolescent time use : a cross-national study</subfield>
   </datafield>
</record></metadata></record></GetRecord></OAI-PMH>